000 01122cam a2200337 4500
001 ABS65273
008 020405n2002 000 0 eng u
035 _a(Sirsi) u117378
100 _aDriscoll, J.
245 _aCommercial property reforms
260 _c2002
490 _aSolicitors' Journal
_v146(9) 8 March 2002, 206-207(2)
520 _aOutlines government's recent proposals for legislative changes to commercial leases. Article covers the commercial property reforms; the issue of excluding security of tenure; surrenders and time limits as well as briefly covering other changes.
590 _aABS
650 _aCOMMERCIAL LEASES
650 _aLEGISLATION
650 _aREFORMS
650 _aSECURITY OF TENURE
650 _aSURRENDERS
650 _aTIME LIMITS
650 _aTERMINATION
650 _aRENEWAL
650 _aINTERIM RENT
650 _aFIXED TERM TENANCIES
650 _aLANDLORD AND TENANT ACT 1954 PART II
650 _aCOMMONHOLD AND LEASEHOLD REFORM BILL
650 _aCOMPANIES ACT 1989
650 _aREGULATORY REFORM ACT 2001
690 _aLAW
942 _n0
999 _c69930
_d69930